|
|
|
|
| LEADER |
01292nam a2200205 a 4500 |
| 001 |
GR-MES1405 |
| 008 |
991111s gr 000 0 gre d |
| 040 |
|
|
|a GrPaTEI
|b gre
|c GR-PaULI
|
| 245 |
0 |
0 |
|a Θεωρία και πολιτική οικονομικής αναπτύξεως :
|b πανεπιστημιακες παραδόσεις /
|c Παναγιώτης Κ. Παναγιωτόπουλος
|n τ. 2 .
|p Η δομική της αναπτύξεως.
|
| 260 |
|
|
|a Αθήνα :
|b Παπαζήσης,
|c [1976]
|
| 300 |
|
|
|a iv,(141-305)σ. :
|b πιν. ;
|c 24εκ.
|
| 504 |
|
|
|a Περιλαμβάνει βιβλιογραφία
|
| 650 |
|
4 |
|a ΟΙΚΟΝΟΜΙΚΗ ΑΝΑΠΤΥΞΗ
|
| 650 |
|
4 |
|a Οικονομική πολιτική
|
| 700 |
1 |
|
|a Παναγιωτόπουλος, Παναγιώτης Κ.
|
| 942 |
|
|
|2 ddc
|
| 952 |
|
|
|0 0
|1 0
|2 ddc
|3 τ. 2
|4 0
|6 338_900000000000000_ΠΑΝ
|7 0
|9 265569
|a MSLG
|b MSLG
|c BSC
|d 2021-01-17
|e 24
|f 0
|g 0.00
|l 0
|o 338.9 ΠΑΝ
|p 2420000004919
|r 2021-01-17 00:00:00
|t 1
|w 2021-01-17
|y BK15
|x 20080122 0 1
|x GrPaTEI
|
| 952 |
|
|
|0 0
|1 0
|2 ddc
|3 τ.2
|4 0
|6 338_900000000000000_ΠΑΝ
|7 0
|9 265570
|a MSLG
|b MSLG
|c BSC
|d 2021-01-17
|e 24
|f 0
|g 0.00
|l 0
|o 338.9 ΠΑΝ
|p 2420000005043
|r 2021-01-17 00:00:00
|t 1
|w 2021-01-17
|y BK15
|x 19991111 0 1
|x GrPaTEI
|
| 971 |
|
|
|a .b25724472
|b 16-04-20
|c 13-09-16
|
| 999 |
|
|
|c 152658
|d 152658
|